Essentials of investments in the philippine capital market workbook/ (Record no. 363913)
[ view plain ]
| 000 -LEADER | |
|---|---|
| fixed length control field | 00441nam a2200109Ia 4500 |
| 008 - FIXED-LENGTH DATA ELEMENTS--GENERAL INFORMATION | |
| fixed length control field | 200626s9999 xx 000 0 und d |
| 020 ## - INTERNATIONAL STANDARD BOOK NUMBER | |
| International Standard Book Number | 971-92221-7-4 |
| 100 ## - MAIN ENTRY--PERSONAL NAME | |
| Personal name | Nograles, Reynaldo R. |
| 245 ## - TITLE STATEMENT | |
| Statement of responsibility, etc | Reynaldo R. Nograles, Rhoderick R. Santos.-- |
| Title | Essentials of investments in the philippine capital market workbook/ |
| 260 ## - PUBLICATION, DISTRIBUTION, ETC. (IMPRINT) | |
| Place of publication, distribution, etc | Las Piñas City: |
| Name of publisher, distributor, etc | Southville International School and Colleges Systems Publications |
| Date of publication, distribution, etc | 2005 |
| 300 ## - PHYSICAL DESCRIPTION | |
| Extent | 184 pages |
| Withdrawn status | Lost status | Source of classification or shelving scheme | Damaged status | Home library | Current library | Shelving location | Date acquired | Source of acquisition | Total Checkouts | Full call number | Barcode | Date last seen | Price effective from | Koha item type |
|---|---|---|---|---|---|---|---|---|---|---|---|---|---|---|
| Library of Congress Classification | Southville International School Affiliated with Foreign Universities Library | Southville International School Affiliated with Foreign Universities Library | 06/27/2020 | Donation | HG4521 .N777 2005 | SFU2687 | 06/27/2020 | 06/27/2020 | Books |